<?xml version="1.0" encoding="UTF-8"?>
<marc:record xmlns:marc="http://www.loc.gov/MARC21/slim">
   <marc:leader>00000nam a2200000 a 4500</marc:leader>
   <marc:datafield ind1="1" ind2=" " tag="100">
      <marc:subfield code="a">Singer, Melanie</marc:subfield>
      <marc:subfield code="4">aut</marc:subfield>
      <marc:subfield code="e">Verfasser/-in</marc:subfield>
   </marc:datafield>
   <marc:datafield ind1=" " ind2=" " tag="653">
      <marc:subfield code="a">die sich für Fußball und die Weltmeisterschaft 2026 begeistern. Dank klarer</marc:subfield>
   </marc:datafield>
   <marc:datafield ind1=" " ind2=" " tag="653">
      <marc:subfield code="a">kindgerechter Sprache eignet es sich auch für geübte Leserinnen und Leser ab etwa sechs oder sieben Jahren. Das Buch ist vollständig farbig illustriert und wird vom bekannten Lesepanda aus der Lesepanda-Reihe durch alle Kapitel begleitet. Verständlich erk</marc:subfield>
   </marc:datafield>
   <marc:datafield ind1=" " ind2=" " tag="653">
      <marc:subfield code="a">einen kindgerecht gestalteten Tippbereich sowie einen großen Spielplan zum Eintragen der Ergebnisse. Das Buch eignet sich ideal als Geschenk für kleine Fußballfans – zum Geburtstag</marc:subfield>
   </marc:datafield>
   <marc:datafield ind1=" " ind2=" " tag="653">
      <marc:subfield code="a">zur WM oder als besondere Überraschung für begeisterte Leserinnen und Leser.</marc:subfield>
   </marc:datafield>
   <marc:datafield ind1=" " ind2=" " tag="653">
      <marc:subfield code="a">Vorschulalter</marc:subfield>
   </marc:datafield>
   <marc:datafield ind1=" " ind2=" " tag="653">
      <marc:subfield code="a">fussball wm 2026</marc:subfield>
   </marc:datafield>
   <marc:datafield ind1=" " ind2=" " tag="653">
      <marc:subfield code="a">wm 2026</marc:subfield>
   </marc:datafield>
   <marc:datafield ind1=" " ind2=" " tag="653">
      <marc:subfield code="a">wm 2026 kinder</marc:subfield>
   </marc:datafield>
   <marc:datafield ind1=" " ind2=" " tag="653">
      <marc:subfield code="a">fussball buch</marc:subfield>
   </marc:datafield>
   <marc:datafield ind1=" " ind2=" " tag="653">
      <marc:subfield code="a">fussball geschenke jungen</marc:subfield>
   </marc:datafield>
   <marc:datafield ind1=" " ind2=" " tag="653">
      <marc:subfield code="a">jungen buch</marc:subfield>
   </marc:datafield>
   <marc:datafield ind1=" " ind2=" " tag="653">
      <marc:subfield code="a">Erstlesealter</marc:subfield>
   </marc:datafield>
   <marc:datafield ind1="0" ind2="0" tag="245">
      <marc:subfield code="a">Das gigantische Wissensbuch zur WM 2026 für Kinder</marc:subfield>
   </marc:datafield>
   <marc:datafield ind1="0" ind2="0" tag="245">
      <marc:subfield code="b">Fussball Geschenke Jungen – Spektakuläre Fakten, Insiderwissen und alles zur WM 2026 in Vollfarbe, ab 8 Jahren</marc:subfield>
   </marc:datafield>
   <marc:datafield ind1="0" ind2="0" tag="245">
      <marc:subfield code="c">Melanie Singer</marc:subfield>
   </marc:datafield>
   <marc:datafield ind1=" " ind2="1" tag="264">
      <marc:subfield code="a">Lahr</marc:subfield>
      <marc:subfield code="b">Seru Verlag</marc:subfield>
      <marc:subfield code="c">2026</marc:subfield>
   </marc:datafield>
   <marc:datafield ind1="1" ind2=" " tag="490">
      <marc:subfield code="a">Lesepanda</marc:subfield>
      <marc:subfield code="v">1</marc:subfield>
   </marc:datafield>
   <marc:datafield ind1="1" ind2=" " tag="520">
      <marc:subfield code="a">Die WM 2026 steht vor der Tür – und dieses Buch macht kleine Fußballfans zu echten Experten!

„Das gigantische Wissensbuch zur WM 2026“ nimmt Kinder mit auf eine spannende Reise durch die Welt des Fußballs. Verständlich erklärt, liebevoll aufbereitet und vollständig farbig illustriert begleitet der beliebte Lesepanda durch alles Wissenswerte rund um das große Turnier.

Was ist eine Weltmeisterschaft?

Wie läuft ein Turnier ab?

Welche Regeln gelten im Fußball?

Und was macht die WM 2026 so besonders?

Kindgerecht, unterhaltsam und mit vielen spannenden Fakten vermittelt das Buch fundiertes Wissen – ohne zu überfordern. Ergänzt wird das Ganze durch interaktive Mitmachseiten und einem großen kindgerechten übersichtlichen Spielplan zum Eintragen der Ergebnisse. So wird die WM nicht nur verfolgt, sondern aktiv miterlebt.

Ob als Geschenk zum Geburtstag, zur WM oder einfach für begeisterte kleine Fußballfans – dieses Buch verbindet Wissen, Spaß und gemeinsame Vorfreude auf das größte Fußballereignis der Welt.

Ein Muss für alle Kinder ab acht Jahren, die Fußball lieben.
</marc:subfield>
   </marc:datafield>
   <marc:datafield ind1=" " ind2=" " tag="020">
      <marc:subfield code="a">9783692770079</marc:subfield>
      <marc:subfield code="9">9783692770079</marc:subfield>
   </marc:datafield>
   <marc:datafield ind1=" " ind2=" " tag="020">
      <marc:subfield code="a">3692770073</marc:subfield>
      <marc:subfield code="9">3692770073</marc:subfield>
   </marc:datafield>
   <marc:datafield ind1=" " ind2=" " tag="041">
      <marc:subfield code="a">ger</marc:subfield>
   </marc:datafield>
   <marc:datafield ind1=" " ind2=" " tag="300">
      <marc:subfield code="a">79 Seiten</marc:subfield>
   </marc:datafield>
</marc:record>
